| 000 | 00685cam a22002411 4500 | ||
|---|---|---|---|
| 001 | sa 65010441 | ||
| 003 | DLC | ||
| 005 | 20260227112208.0 | ||
| 008 | 941128s1965 ii b b 000 0 beno | ||
| 010 | _asa 65010441 | ||
| 025 | _aPL480:EP-B-965 | ||
| 035 | _a(OCoLC)31523676 | ||
| 040 |
_aDLC _cCU _dCU _dDLC |
||
| 042 | _apremarc | ||
| 050 | 0 | 0 |
_aTS1565.P3 _bK35 |
| 100 | 1 |
_aKarim, Abdul, _d1928-2007. |
|
| 245 | 1 | 0 |
_aḌhākāi masalina / _cĀbadula Karima. |
| 260 |
_aḌhākā : _bBāṃlā Ekāḍemī, _c[1965] |
||
| 300 |
_a2, 2, 151 p. _bmap. _c22 cm. |
||
| 500 | _aIn Bengali. | ||
| 504 | _aBibliography: p. [138]-141 | ||
| 650 | 0 |
_aCotton manufacture _zBangladesh _zDhaka. |
|
| 999 |
_c66749 _d66749 |
||